Vista normal
Vista MARC
Entrada Personal Name
Número de registros utilizados en: 1
001 - CONTROL NUMBER
- control field: 4761
003 - CONTROL NUMBER IDENTIFIER
- control field: Mx-PuUPA
005 - DATE AND TIME OF LATEST TRANSACTION
- control field: 20221205131244.0
008 - FIXED-LENGTH DATA ELEMENTS
- fixed length control field: 170613 a|ac|n|aab||||||||||||a |n|||||||
040 ## - CATALOGING SOURCE
- Description conventions: rda
- Original cataloging agency: Mx-PuUPA
- Language of cataloging: spa
- Transcribing agency: Mx-PuUPA
- Modifying agency: Mx-PuUPA
100 1# - HEADING--PERSONAL NAME
- Personal name: Martin, Paul,
374 ## - OCCUPATION
- Occupation: Autor
375 ## - GENDER
- Gender: hombre
377 ## - ASSOCIATED LANGUAGE
- Language code: eng
670 ## - SOURCE DATA FOUND
- Source citation: Making happy people : the nature of happiness and its origins in childhood,
- Information found: t.p. (Paul Martin)